00549nam a2200169Ia 450000100060000000800410000602000070004704000130005408200240006710000170009124500790010826000550018730000110024250000890025354600070034265000300034943681140425s9999 xx 000 0 und d aNA cPK-LaUMT aRHC 891.4398bKHI-S aKhizar Yayat aShibli ki nasr kaa tanqeedi mutalah [Ph.D. programme] (Urdu)cKhizar Yayat aAli Garh,India:bAli Garh Muslim University,c2004 a233 p. aReport presented in partial requirement for Ph.D. degree Advisor: Qazi Jamal Hussain aUR aPakistani literature-Urdu